| 000 | 00801nam a2200217Ia 4500 | ||
|---|---|---|---|
| 999 |
_c40267 _d40267 |
||
| 001 | 6875 | ||
| 003 | GE_BSU | ||
| 005 | 20200203121417.0 | ||
| 008 | 181216s1986||||g |||||||||||||| ||ge || | ||
| 040 | _cGE_BSU | ||
| 041 | _ageo | ||
| 080 | _a788.93.071.2(479.22) გ-69 | ||
| 100 |
_aგორგაძე, რევაზ. _96671 |
||
| 245 |
_aქოჩახელა : _bმოთხრობები / _cრევაზ გორგაძე ; რედ. ალ. მსხალაძე. |
||
| 264 |
_aბათუმი : _bსაბჭ.აჭარა. _c1986. |
||
| 300 |
_a72 გვ. ; _c16 სმ. |
||
| 653 | _aქოჩახელა | ||
| 653 | _aმოთხრობები | ||
| 700 |
_aმსხალაძე, ალ. _eრედაქტორი _94308 |
||
| 942 |
_cBK _2udc |
||